Ujitás a postán
V Michalovciach sa urýchli poštová preprava. Poštové zásielky budú odnášať ku každému vlaku i prinášať od každého vlaku. Prevádzka sa rozšíri o jednu silu.
| Médium: | Článok |
|---|---|
| Jazyk: | Hungarian |
| Témy: | |
| Zdroj: |
1. Felsö-Zemplén 1. Roč. 11, č. 48 /spr.49/ (20.12.1906) s. 2 |
| LEADER | 00880nab#a2200301#ar4500 | ||
|---|---|---|---|
| 001 | 000076433 | ||
| 003 | SVKKK | ||
| 005 | 20050808xxxxxxx. | ||
| 008 | 06 c xo huno | ||
| FMT | |||
| 038 | |a SVKKK | ||
| 040 | |a SVKKK |b slo |e AACR2 | ||
| 041 | 0 | |a hun | |
| 044 | |a xo |c SK | ||
| 080 | |a 656.8 | ||
| 242 | 1 | 0 | |a Novinky na pošte |
| 245 | 0 | 0 | |a Ujitás a postán |
| 500 | |a Ex/Ro-75 | ||
| 520 | 2 | |a V Michalovciach sa urýchli poštová preprava. Poštové zásielky budú odnášať ku každému vlaku i prinášať od každého vlaku. Prevádzka sa rozšíri o jednu silu. | |
| 650 | 0 | 4 | |a pošta, Michalovce - prevádzka rozšírená - rok 1906 - správy |
| 773 | 0 | |t Felsö-Zemplén |g Roč. 11, č. 48 /spr.49/ (20.12.1906) s. 2 | |
| 957 | |a Michalovce | ||
| 958 | |a DG | ||
| 958 | |a SK | ||
| 974 | |a zuz |d 20050808 | ||
| 992 | |a RBX | ||
| BAS | |||
| 998 | |a RETRO | ||